|
|
|
|
| LEADER |
00958nam a2200241 a 4500 |
| 001 |
12970 |
| 003 |
BD-DhAAL |
| 005 |
20241101183307.0 |
| 008 |
141222s1997 bg 000 0 ben d |
| 040 |
|
|
|a BD-DhAAL
|c BD-DhAAL
|
| 041 |
|
|
|a Ben
|
| 082 |
0 |
0 |
|a 891.44
|2 22
|
| 100 |
1 |
|
|a রহমান, আতাউর.
|9 6790
|
| 245 |
1 |
0 |
|a নজরুল কাব্যসমীক্ষা /
|c আতাউর রহমান.
|
| 260 |
|
|
|a ঢাকা :
|b শুভ্রা প্রকাশনী,
|c ১৯৯৭
|
| 300 |
|
|
|a ২৬১ পৃষ্ঠা :
|b চিত্র ;
|c ২২ সে.মি.
|
| 541 |
1 |
|
|e 12970
|
| 600 |
|
|
|a Nazrul Islam, Kazi
|d 1899-1976
|9 6497
|
| 650 |
|
0 |
|a Poetry
|9 6936
|
| 852 |
1 |
|
|a Ayesha Abed Library
|j General Stacks
|
| 942 |
|
|
|2 ddc
|c BK
|
| 999 |
|
|
|c 33332
|d 33332
|
| 952 |
|
|
|0 0
|1 0
|2 ddc
|4 0
|6 891_440000000000000_RAH
|7 0
|9 44519
|a BRACUL
|b BRACUL
|c GEN
|d 2014-12-22
|g 200.00
|l 4
|m 5
|o 891.44 RAH
|p 3010012970
|r 2025-11-04
|s 2025-10-28
|t 1
|w 2014-12-22
|y BK
|